| 000 | 00337nam a22001217a 4500 | ||
|---|---|---|---|
| 008 | 180421b xxu||||| |||| 00| 0 eng d | ||
| 041 | _aeng | ||
| 080 | _a043.3 | ||
| 100 | _a0 | ||
| 101 | _aMBE-MA | ||
| 245 |
_aMatja e Kualitetit te Sherbimeve dhe Faktoret ndikues ne Tregun e Bankave Komerciale ne Kosove _cHamiti, M |
||
| 942 |
_2udc _cBK |
||
| 999 |
_c45401 _d45401 |
||